Global built asset wealth index 2015 (Record no. 115640)

MARC details
000 -LEADER
fixed length control field 01100cab a22002295a 4500
001 - CONTROL NUMBER
control field L159042
008 - FIXED-LENGTH DATA ELEMENTS--GENERAL INFORMATION
fixed length control field 130731e2015 xxk 000 0 eng d
035 ## - SYSTEM CONTROL NUMBER
System control number (Sirsi) u159042
041 0# - LANGUAGE CODE
Language code of text/sound track or separate title eng
110 1# - MAIN ENTRY--CORPORATE NAME
Corporate name or jurisdiction name as entry element Arcadis
9 (RLIN) 6166
245 00 - TITLE STATEMENT
Title Global built asset wealth index 2015
Medium [electronic resource]
260 ## - PUBLICATION, DISTRIBUTION, ETC.
Place of publication, distribution, etc. Oxford
Name of publisher, distributor, etc. GCP
Date of publication, distribution, etc. 2015
520 ## - SUMMARY, ETC.
Summary, etc. Calculates the distribution of the world's wealth in terms of the physical built assets which contribute to a nation's productivity. The index estimates the value of the buildings and infrastructure in 32 countries which collectively represent around 87% of global GDP. The 2015 report puts the UK in 13th place, two places below 2014.
590 ## - LOCAL NOTE (RLIN)
Local note KA
650 24 - SUBJECT ADDED ENTRY--TOPICAL TERM
Topical term or geographic name entry element ASSETS
650 24 - SUBJECT ADDED ENTRY--TOPICAL TERM
Topical term or geographic name entry element BUILT ENVIRONMENT
650 24 - SUBJECT ADDED ENTRY--TOPICAL TERM
Topical term or geographic name entry element ECONOMIC GROWTH
651 #4 - SUBJECT ADDED ENTRY--GEOGRAPHIC NAME
Geographic name International
690 ## - LOCAL SUBJECT ADDED ENTRY--TOPICAL TERM (OCLC, RLIN)
Topical term or geographic name as entry element BUILT ENVIRONMENT-CONSTRUCTION MARKET
856 40 - ELECTRONIC LOCATION AND ACCESS
Uniform Resource Identifier <a href="https://www.arcadis.com/media/5/E/6/%7B5E69E0DE-1B61-4608-A2E9-9FE45A405D95%7D9385_Global%20Built%20Asset%20Wealth%20Index%202015%20WEB%2032pp.pdf">https://www.arcadis.com/media/5/E/6/%7B5E69E0DE-1B61-4608-A2E9-9FE45A405D95%7D9385_Global%20Built%20Asset%20Wealth%20Index%202015%20WEB%2032pp.pdf</a>
Public note View the item free of charge at the www.arcadis.com
942 ## - ADDED ENTRY ELEMENTS (KOHA)
Suppress in OPAC 0
Holdings
Withdrawn status Lost status Source of classification or shelving scheme Damaged status Not for loan Home library Current library Shelving location Date acquired Total Checkouts Full call number Barcode Date last seen Copy number Price effective from Koha item type
    Dewey Decimal Classification     Virtual Virtual Online 15/12/2015   ONLINE PUBLICATION 159042-2001 06/08/2019 1 06/08/2019 Book